[Event "New Delhi Parsvnath op-B 16th"]
[Site "New Delhi"]
[Date "2018.01.11"]
[Round "7"]
[White "Mani, Bharathy"]
[Black "Sourav, Sahoo"]
[Result "1/2-1/2"]
[WhiteElo "1797"]
[BlackElo "1930"]
[PlyCount "86"]
[EventDate "2018.01.09"]
[EventType "swiss"]
[EventRounds "10"]
[EventCountry "IND"]
[SourceTitle "CBM 182 Extra"]
[Source "ChessBase"]
[SourceDate "2018.02.23"]
[SourceVersion "1"]
[SourceVersionDate "2018.02.23"]
[SourceQuality "1"]

1. Nf3 Nf6 2. c4 g6 3. g3 Bg7 4. Bg2 0-0 5. Nc3 d6 6. d3 c6 7. Bd2 e5 8. Rb1 Re8 9. 0-0 a5 10. e4 Nbd7 11. h3 Nc5 12. Be3 Ne6 13. Ng5 Nh5 14. Nxe6 Bxe6 15. b3 Nf6 16. d4 exd4 17. Bxd4 Qc7 18. Rc1 Qe7 19. Qd2 Nh5 20. Bxg7 Nxg7 21. Rfe1 Rad8 22. Re3 Ra8 23. Rd1 Red8 24. Rd3 Ne8 25. e5 d5 26. cxd5 cxd5 27. Nxd5 Bxd5 28. Rxd5 Rxd5 29. Qxd5 Ra7 30. f4 a4 31. Qd7 Kf8 32. Qxe7+ Kxe7 33. bxa4 Rxa4 34. Rb1 Rxa2 35. Rxb7+ Ke6 36. Bf1 Rc2 37. Rb6+ Ke7 38. Bg2 Rc7 39. Kh2 Ng7 40. Rb7 Rxb7 41. Bxb7 g5 42. fxg5 Nh5 43. h4 Nf4 1/2-1/2

[Event "Panchavati Resha op 3rd"]
[Site "Panchavati"]
[Date "2017.07.20"]
[Round "4"]
[White "Sekar, B."]
[Black "Sourav, Sahoo"]
[Result "1-0"]
[WhiteElo "2271"]
[BlackElo "1865"]
[PlyCount "133"]
[EventDate "2017.07.18"]
[EventType "swiss"]
[EventRounds "10"]
[EventCountry "IND"]
[SourceTitle "EXT 2018"]
[Source "ChessBase"]
[SourceDate "2017.10.13"]
[SourceVersion "1"]
[SourceVersionDate "2017.10.13"]
[SourceQuality "1"]

1. e4 c5 2. Nf3 a6 3. Nc3 e6 4. d4 cxd4 5. Nxd4 b5 6. Bd3 Bb7 7. 0-0 Qc7 8. Re1 Nf6 9. Nf3 d6 10. a4 b4 11. Na2 Nc6 12. Bd2 d5 13. exd5 Nxd5 14. c3 bxc3 15. Nxc3 Ndb4 16. Be4 Be7 17. Rc1 Rd8 18. Qe2 Qb8 19. Be3 Na5 20. Rcd1 Bxe4 21. Nxe4 0-0 22. Nc5 Qc8 23. Rc1 Na2 24. Rc2 Nb4 25. Rcc1 Na2 26. Ra1 Bxc5 27. Bxc5 Qxc5 28. Rxa2 Qc4 29. Qxc4 Nxc4 30. b4 g6 31. Rc1 Rd5 32. g3 Ne5 33. Nxe5 Rxe5 34. Rc6 Rb8 35. Rb2 Ra8 36. b5 axb5 37. axb5 Ra5 38. b6 Rab5 39. Rcc2 Re1+ 40. Kg2 Rb1 41. Rxb1 Rxb1 42. Rc8+ Kg7 43. Rb8 Rb3 44. Kf1 Kf6 45. Ke2 Ke5 46. Kd2 Kd6 47. Rb7 f5 48. Rxh7 Rxb6 49. Rg7 f4 50. gxf4 Rb4 51. Ke3 Rb3+ 52. Ke4 Rh3 53. Rxg6 Rxh2 54. f5 Rxf2 55. Rxe6+ Kd7 56. Ke5 Re2+ 57. Kf6 Rf2 58. Re1 Rf3 59. Kg6 Rg3+ 60. Kf7 Rf3 61. f6 Kd6 62. Kg7 Rg3+ 63. Kf8 Ra3 64. f7 Ra2 65. Re4 Ra1 66. Rg4 Rf1 67. Kg8 1-0

[Event "Panchavati Resha op 3rd"]
[Site "Panchavati"]
[Date "2017.07.20"]
[Round "5"]
[White "Sourav, Sahoo"]
[Black "Kant, Swapnil"]
[Result "1-0"]
[WhiteElo "1865"]
[BlackElo "1439"]
[PlyCount "129"]
[EventDate "2017.07.18"]
[EventType "swiss"]
[EventRounds "10"]
[EventCountry "IND"]
[SourceTitle "EXT 2018"]
[Source "ChessBase"]
[SourceDate "2017.10.13"]
[SourceVersion "1"]
[SourceVersionDate "2017.10.13"]
[SourceQuality "1"]

1. b3 e5 2. Bb2 d6 3. e3 Nf6 4. d4 exd4 5. Bxd4 Nc6 6. Bb2 Be7 7. Nf3 0-0 8. Be2 Be6 9. 0-0 h6 10. Qc1 Ne4 11. c4 Bg4 12. Nc3 Nxc3 13. Bxc3 Bf6 14. Rd1 Qe7 15. Nd4 Bxd4 16. Bxg4 Bxc3 17. Qxc3 Qe5 18. Qc2 Rfd8 19. Bf3 Rab8 20. a3 Ne7 21. Rac1 c6 22. Rd2 f5 23. g3 Rd7 24. Rcd1 Rbd8 25. b4 d5 26. Qa4 b6 27. cxd5 cxd5 28. Qb3 Kh8 29. b5 Rd6 30. Rd4 R6d7 31. Kg2 Rd6 32. h3 R6d7 33. g4 fxg4 34. hxg4 Rd6 35. Qd3 Qg5 36. Rh1 Rg6 37. Kf1 Qf6 38. Rf4 Qa1+ 39. Kg2 Qe5 40. Rf7 Rf6 41. Rh5 Qxh5 42. Rxf6 Qe5 43. Rf4 Qe6 44. Rd4 Rf8 45. Qc2 Rc8 46. Qd2 Rd8 47. e4 Ng6 48. Rxd5 Rxd5 49. exd5 Qd6 50. Qe3 Nh4+ 51. Kh3 Nxf3 52. Qxf3 Kg8 53. a4 g5 54. Kg2 Kg7 55. Qc3+ Kf7 56. Qc6 Ke7 57. Qc4 Kf6 58. Kf3 Qa3+ 59. Ke4 Qe7+ 60. Kd3 Qd6 61. Qc6 Ke5 62. Qxd6+ Kxd6 63. Kd4 Ke7 64. Ke5 Kd7 65. d6 1-0